000 01039cam a2200349 a 4500
001 3098
003 FISKH
005 20240205155737.0
008 030310s2003 nyua b 000 1 eng
010 _a 2003003639
020 _a0516229346
020 _a9780516229348
040 _aDLC
_cDLC
_dDLC
_beng
042 _alcac
050 0 0 _aPZ8.3.J424
_bMy 2003
082 0 0 _a[E]
_221
100 1 _aJensen, Patricia.
245 1 0 _aMy house /
_cwritten by Patricia Jensen ; illustrated by Wayne Becker.
250 _aThis edition 2003
260 _aUnited Stated :
_bScholastic,
_c1990
300 _a30 pages :
_bcolor illustrations ;
_c22 cm
440 0 _aMy first reader
505 _aB
520 _aParts of houses old and new are mixed up and repainted red and blue.
521 8 _a80
_bLexile
521 8 _aB
_bRaz-Plus
650 1 _aDwellings
_vFiction.
650 1 _aStories in rhyme.
700 1 _aBecker, Wayne,
_eillustrator
906 _a7
_bcbc
_corignew
_d1
_eecip
_f20
_gy-gencatlg
942 _2ddc
_cBK
_n0
999 _c3098
_d3098